000 00612nam a22001457a 4500
020 _a0-600-31169-4
082 _a823
_bKIN/W
100 _aKINGSLEY, CHARLES
245 _aTHE WATER BABIES
260 _aENGLAND
_bHAMLYN PUBLISHING
_c1986
300 _a191
520 _aA Victorian fairy tale of epic proportions and strong moral overtones, The Water-Babies tells the story of Tom, a young chimney sweep, who escapes the toil and drudgery of his miserable apprenticeship through his magical transformation by fairies from a dirty little boy into a clean "water-baby," .
650 _aNOVEL
_zENGLAND
942 _cBK
999 _c3395
_d3395